Bardbarian - Jedna z historii z Asurów - Statystyki

Ogólne statystyki
  • Ten quiz został rozwiązany 7 razy
  • Średni wynik to 118 z 169
Statystyki odpowiedzi
1. zwrotka % Poprawnych
i
100%
I
100%
o
100%
Aenarion
75%
Asurian
75%
brud
75%
cały
75%
chaosu
75%
chcecie
75%
chodzi
75%
co
75%
cud
75%
czyści
75%
dawno
75%
do
75%
domy
75%
dopuścił
75%
dumną
75%
dziecię
75%
dziecko
75%
Feniks
75%
Feniksa
75%
Gdy
75%
gdzie
75%
głód
75%
ich
75%
imię
75%
jak
75%
jego
75%
Jeśli
75%
Jeźdźcy
75%
już
75%
końcu
75%
konfliktami
75%
krainy
75%
Król
75%
Króla
75%
kultów
75%
Lecz
75%
legendą
75%
legendy
75%
lud
75%
Malekith
75%
miną
75%
moc
75%
mu
75%
myślą
75%
na
75%
nasz
75%
Nasze
75%
nie
75%
niektórzy
75%
nienawiści
75%
niszczyły
75%
odchodzą
75%
odebrać
75%
piękne
75%
piersią
75%
Płomień
75%
po
75%
podboje
75%
podróżując
75%
pokonały
75%
przed
75%
przegnicia
75%
rebelią
75%
rodziny
75%
rósł
75%
rozłamy
75%
rozrywał
75%
75%
seks
75%
się
75%
silne
75%
smoków
75%
splendor
75%
stworzenia
75%
swą
75%
swego
75%
świecie
75%
Święty
75%
szpon
75%
tak
75%
tego
75%
tron
75%
trwamy
75%
trzymamy
75%
tu
75%
uciekały
75%
Ulthuan
75%
Ulthuanie
75%
Ulthuanu
75%
unikając
75%
w
75%
W
75%
walczył
75%
walką
75%
wbił
75%
wciąż
75%
widział
75%
wiedzieć
75%
własny
75%
wojennej
75%
wojną
75%
wojny
75%
wracacie
75%
wrócił
75%
wszyscy
75%
Wszystkie
75%
Wtedy
75%
wypiętą
75%
wyrosło
75%
wyspę
75%
wzrósł
75%
z
75%
Z
75%
zakuty
75%
zasiadł
75%
zaspokoją
75%
zbroje
75%
zbrojną
75%
ze
75%
życia
75%
chcąc
50%
więcej
50%
Poczytajcie
25%
sami
25%
Chociaż
0%
Ciągle
0%
Druchii
0%
klątwa
0%
Mając
0%
Pewnie
0%
sobą
0%
swoje
0%
swych
0%
To
0%
Wir
0%
zostawił
0%
zrobiły
0%
Nie znaleziono quizów pasujących do podanych kryteriów
Rozkład punktacji
Procent ludzi z każdym wynikiem
Percentyl według liczby udzielonych odpowiedzi
Twoja historia wyników
Nie rozwiązałeś tego quizu